Представление документа в формате RUSMARC

ПолеНазваниеЗначение
  Тип записи a
  Библиографический уровень a
001 Контрольный номер RU/CBS_UL/BASE/190a42e6c9104a1fba51133d3fcb6ee9
005 Дата корректировки 20260303165728.7
100 Данные общей обработки __
a Данные общей обработки 20260303 ||| 0rusy0189 ca
101 Язык документа 0_
a Язык текста rus
102 Страна публикации __
a Страна публикации RU
200 Заглавие и сведения об ответственности 1_
a Заглавие Цена шахматной короны
e Сведения, относящиеся к заглавию [как оплачивались победы советских шахматистов]
f Первые сведения об ответственности Е. Филимонова
300 Общие примечания __
a Общие примечания 16+
461 Уровень набора _0
1 2000
a Тайны СССР
463 Уровень физической единицы _0
1 2000
a № 2
v С. 2-3 : фото
1 2101
d 2026
1 001RU/CBS_UL/BASE/dc8fa20b8774462687245936b1b4b84e
606 Тематические рубрики 0_
a Основная рубрика Шахматы - СССР
610 Ключевые слова 0_
a Ключевые слова шахматисты
610 Ключевые слова 0_
a Ключевые слова советские шахматисты
610 Ключевые слова 0_
a Ключевые слова шахматисты советские
610 Ключевые слова 0_
a Ключевые слова чемпионы мира по шахматам
610 Ключевые слова 0_
a Ключевые слова вознаграждения советских шахматистов
686 Индексы других классификаций __
2 Код системы rubbk
a Классификационный индекс 75.581
700 Автор _1
a Фамилия Филимонова
b Имя (инициалы) Е.
801 Источник записи _0
a Страна RU
b Организация МБУК ЦБС г. Ульяновска
c Дата составления 20260303
g Правила каталогизации RCR
801 Источник записи _1
a Страна RU
b Организация МБУК ЦБС г. Ульяновска
c Дата составления 20260303
g Правила каталогизации RCR
901 Тип документа __
t Тип документа b
w Контрольный № источника RU/CBS_UL/BASE/dc8fa20b8774462687245936b1b4b84e
909 Создатель записи __
a Создатель записи lib2